French nuclear testing in the Pacific

Na minha lista:
Detalhes bibliográficos
Formato: Livro
Idioma:Undetermined
Publicado em: Wellington Ministry of Foreign Affairs 1973
Assuntos:
Tags: Adicionar Tag
Sem tags, seja o primeiro a adicionar uma tag!
Thư viện lưu trữ: Trung tâm Học liệu Trường Đại học Cần Thơ
LEADER 00439nam a2200157Ia 4500
001 CTU_21532
008 210402s9999 xx 000 0 und d
082 |a 341.0268 
082 |b M665 
245 0 |a French nuclear testing in the Pacific 
260 |a Wellington 
260 |b Ministry of Foreign Affairs 
260 |c 1973 
650 |a international law 
904 |i Minh, 980112 
980 |a Trung tâm Học liệu Trường Đại học Cần Thơ